000
00204nam a2200097Ia 4500
008
240331s9999 xx 000 0 und d
082
_b
ROY
100
_a
Roy, A
245
4
_a
The great common god
942
_c
L
999
_c
2233
_d
2233